TO STUDY THE CORRELATION BETWEEN (Record no. 20538)
[ view plain ]
| 000 -LEADER | |
|---|---|
| fixed length control field | 00278nam a22001337a 4500 |
| 003 - CONTROL NUMBER IDENTIFIER | |
| control field | SGT |
| 082 ## - DEWEY DECIMAL CLASSIFICATION NUMBER | |
| Classification number | 612.015 |
| Item number | T18D |
| 100 ## - MAIN ENTRY--PERSONAL NAME | |
| Personal name | DHARMBIR |
| 245 ## - TITLE STATEMENT | |
| Title | TO STUDY THE CORRELATION BETWEEN |
| 260 ## - PUBLICATION, DISTRIBUTION, ETC. (IMPRINT) | |
| Place of publication, distribution, etc | SGTU |
| Year of Publication | 2018 |
| 300 ## - PAGE DESCRIPTION | |
| No. of Pages | 120 |
| 650 ## - SUBJECT ADDED ENTRY--TOPICAL TERM | |
| Topical term or geographic name as entry element | BIOCHEMISTRY |
| 942 ## - ADDED ENTRY ELEMENTS (KOHA) | |
| Source of classification or shelving scheme | Dewey Decimal Classification |
| Koha item type | Thesis/Dissertation |
| Withdrawn status | Lost status | Source of classification or shelving scheme | Damaged status | Not for loan | Collection code | Home library | Current library | Date acquired | Total Checkouts | Full call number | Accession No. (Barcode) | Date last seen | Bill Date | Koha item type | Shelving location |
|---|---|---|---|---|---|---|---|---|---|---|---|---|---|---|---|
| Dewey Decimal Classification | Not For Loan | MEDICAL | SGT Medical Library | SGT Medical Library | 01/10/2020 | 612.015 T18D | DT651 | 01/10/2020 | 01/10/2020 | Thesis/Dissertation | |||||
| Dewey Decimal Classification | Not For Loan | MEDICAL | SGT Medical Library | SGT Medical Library | 01/10/2020 | 612.015 T18D | DT652 | 01/10/2020 | 01/10/2020 | Thesis/Dissertation | |||||
| Dewey Decimal Classification | Not For Loan | MEDICAL | SGT Medical Library | SGT Medical Library | 01/10/2020 | 612.015 T18D | DT653 | 01/10/2020 | 01/10/2020 | Thesis/Dissertation | |||||
| Dewey Decimal Classification | Not For Loan | MEDICAL | SGT Medical Library | SGT Medical Library | 12/10/2020 | 612.015 T18D | DT876 | 12/10/2020 | 12/10/2020 | Thesis/Dissertation | Reference Book |